00953nam a22001815i 4500001000700000003000900007005001700016008004100033100004600074245015400120260007000274300006500344500005700409546009000466650003200556710003900588852014400627170956ES-MaACL20250805063314.0090420s1876 po |||| | por d1 aDelgado, Joaquim Filipe Nery, d1835-190810aSobre a existencia do terreno siluriano no baixo Alemtejo b: memoria apresentada á Academia Real das Sciencias de Lisboa / cpor J. F. N. Delgado. aLisboa : b[s.n.], c1876 (fTyp. da Academia Real das Sciencias) a35, 35 p., [1] h. pleg. de map., [2] h. de lám. ; c31 cm. aPrecede al tít.: Terrenos paleozoicos de Portugal. aLa 2ª secuencia de paginación corresponde al texto en francés, con port. propia. 4aPaleontología-zPortugal.2 aAcademia das Ciências de Lisboa. aES-MaACLjB-8083(3) z.- Dedicatoria manuscrita del autor a Fedérico de Botella y de Hornos z.- Legado de Fedérico de Botella y Hornos